| 000 | 00360nam a2200145Ia 4500 | ||
|---|---|---|---|
| 008 | 230917s9999||||xx |||||||||||||| ||und|| | ||
| 040 |
_e47328 _aMAIN |
||
| 041 | _aEnglish | ||
| 082 | _a181.4 S64I | ||
| 100 | _aSinha, K P | ||
| 245 | 0 | _aIndian theories of creation a synthesis | |
| 260 |
_aVaranasi _bChaukhamba _c1985 |
||
| 300 | _axii, 127 p. | ||
| 942 | _cBK | ||
| 999 |
_c52053 _d52053 |
||